000
00365nam a2200157Ia 4500
008
170918s9999 xx 000 0 und d
020
_a
978054583975
050
_b
F228 2015
100
_a
Faris, Stephanie
245
_a
25 roses /
245
_c
by Stephanie Faris.
260
_a
New York :
260
_b
Scholastic,
260
_c
2015
300
_a
209 pages :
999
_c
343529
_d
343529